Η επαιτεία στην πόλη : μορφές οργάνωσης - στρατηγικές επιβίωσης - ταυτότητες
Αποθηκεύτηκε σε:
| Κύριος συγγραφέας: | |
|---|---|
| Μορφή: | Βιβλίο |
| Γλώσσα: | Greek |
| Δημοσίευση: |
Αθήνα :
Παπαζήσης,
2017.
|
| Θέματα: | |
| Ετικέτες: |
Προσθήκη ετικέτας
Δεν υπάρχουν, Καταχωρήστε ετικέτα πρώτοι!
|
MARC
| LEADER | 00000nam a2200000 a 4500 | ||
|---|---|---|---|
| 001 | 1/116554 | ||
| 008 | 180518s2017####gr | ||| |||| ||gre|| | ||
| 020 | |a 9789600233384 | ||
| 040 | |a GR-MyUa |b gre |c GR-MyUa |e AACR2 | ||
| 041 | 0 | |a gre | |
| 082 | 7 | |a 362.509495 |2 (23) | |
| 100 | 1 | |a Κούζας, Γεώργιος Χ. | |
| 245 | 1 | 2 | |a Η επαιτεία στην πόλη : |b μορφές οργάνωσης - στρατηγικές επιβίωσης - ταυτότητες / |c Γιώργος Χ. Κούζας. |
| 260 | |a Αθήνα : |b Παπαζήσης, |c 2017. | ||
| 300 | |a 954 σ. ; |c 21 εκ. | ||
| 504 | |a Περιλαμβάνει βιβλιογραφία. | ||
| 650 | 0 | |a Poverty |z Greece |z Athens. | |
| 650 | 0 | |a Begging |z Greece. | |
| 650 | 0 | |a Poor |z Greece |z Athens. | |
| 650 | 0 | |a Poor |x Interviews. | |
| 852 | |a INST |b LESVOS |c EUDOXUS |e 20180518 |h 362.509495 ΚΟΥ |p 005100060281 |q 005100060281 |t EDX |y 0 | ||
| 920 | |a Εύδοξος |b Παραγγελία |y Λέσβος-ΤΓ |z 2018-04 | ||
| 970 | |z 18-05-2018 | ||